| 000 | 00429nam a22001697a 4500 | ||
|---|---|---|---|
| 003 | OSt | ||
| 005 | 20241129101421.0 | ||
| 008 | 201109b ||||| |||| 00| 0 eng d | ||
| 020 | _a9789937870245 | ||
| 040 | _cKEC Publicatrion | ||
| 082 | _a005.133 | ||
| 245 |
_aComputer Programming With C _cby Sharma, Dilli Prasad |
||
| 250 | _aFirst | ||
| 260 |
_aKathmandu, Nepal _bKEC Publication |
||
| 300 | _a449 p | ||
| 942 |
_2ddc _cBOOKS _07 |
||
| 999 |
_c216 _d216 |
||